000 00728nas a2200253 4500
001 BR9501795
003 BR-BrBNA
005 20231205094313.0
007 ta
008 230509b bl.|||p| |||| 00| 00por d
040 _aBR-BrBNA
_bpor
_cBiblioteca Nacional de Agricultura
041 _a(Pt)
072 _aQ52
100 1 _aAndrade, J.B. de
100 1 _aFerrari Junior, E.
245 1 _aAssociacao sorgo-guandu para producao de silagem
650 _aSorgo
650 _aGuandu
650 _aSilagem
650 _aValor Nutritivo
773 0 _tBoletim de Industria Animal (Brazil)
_xISSN 0067-9615
_g(Jul-Dec 1991), v. 48(2) p. 141-147
_wBR9501795
909 _a202311
_bLúcia
_c55
_dLúcia Elande
942 _2AGRIS
_n0
_cANA
999 _c143442
_d143442